Chemical dynamics at low temperatures / (Record no. 6641)
[ view plain ]
| 000 -LEADER | |
|---|---|
| fixed length control field | 01211nam a22003495a 4500 |
| 008 - FIXED-LENGTH DATA ELEMENTS--GENERAL INFORMATION | |
| fixed length control field | 150818t1994 nyua|||frb||| 001 0 eng d |
| 020 ## - INTERNATIONAL STANDARD BOOK NUMBER | |
| International Standard Book Number | 0471585858 |
| 020 ## - INTERNATIONAL STANDARD BOOK NUMBER | |
| International Standard Book Number | 9780471585855 |
| 040 ## - CATALOGING SOURCE | |
| Original cataloging agency | EG-ScBUE |
| Language of cataloging | eng |
| Transcribing agency | EG-ScBUE |
| 082 04 - DEWEY DECIMAL CLASSIFICATION NUMBER | |
| Classification number | 541.3686 |
| Item number | BEN |
| Edition number | 22 |
| 100 1# - MAIN ENTRY--PERSONAL NAME | |
| Personal name | Benderskii, Victor. A. |
| 245 10 - TITLE STATEMENT | |
| Title | Chemical dynamics at low temperatures / |
| Statement of responsibility, etc | Victor A. Benderskii, Dmitrii E. Makarov, Charles A. Wight. |
| 260 ## - | |
| -- | New York : |
| -- | John Wiley& Sons, |
| -- | c.1994. |
| 300 ## - PHYSICAL DESCRIPTION | |
| Extent | ix, 385p.: |
| Other physical details | ill.; |
| Dimensions | 23 cm. |
| 336 ## - CONTENT TYPE | |
| Source | rdacontent |
| Content type term | text |
| Content type code | txt |
| 337 ## - MEDIA TYPE | |
| Media type term | unmediated |
| Source | rdamedia |
| Media type code | n |
| 338 ## - CARRIER TYPE | |
| Carrier type term | volume |
| Carrier type code | nc |
| Source | rdacarrier |
| 440 ## - | |
| -- | vol.88 |
| 490 #0 - SERIES STATEMENT | |
| Series statement | Advances in chemical physics. |
| 500 ## - GENERAL NOTE | |
| General note | Indexes : p. 359-385. |
| 504 ## - BIBLIOGRAPHY, ETC. NOTE | |
| Bibliography, etc | Bibliography : p. 341-358. |
| 590 ## - LOCAL NOTE (RLIN) | |
| Local note | Menna Elemam |
| 650 ## - SUBJECT ADDED ENTRY--TOPICAL TERM | |
| Topical term or geographic name as entry element | tunneling (physics) |
| Source of heading or term | BUEsh |
| 9 (RLIN) | 2687 |
| 650 ## - SUBJECT ADDED ENTRY--TOPICAL TERM | |
| Topical term or geographic name as entry element | low temperatures |
| Source of heading or term | BUEsh |
| 9 (RLIN) | 2686 |
| 650 ## - SUBJECT ADDED ENTRY--TOPICAL TERM | |
| Topical term or geographic name as entry element | chemical kinetics-- |
| General subdivision | Effect of temperature on. |
| Source of heading or term | BUEsh |
| 9 (RLIN) | 2683 |
| 650 ## - SUBJECT ADDED ENTRY--TOPICAL TERM | |
| Topical term or geographic name as entry element | Tunneling (Physics) |
| Source of heading or term | BUEsh |
| 9 (RLIN) | 2687 |
| 651 ## - SUBJECT ADDED ENTRY--GEOGRAPHIC NAME | |
| Source of heading or term | BUEsh |
| 653 ## - INDEX TERM--UNCONTROLLED | |
| Resource For college | Engineering, Chemical |
| Arrived date list | August2015 |
| 700 1# - ADDED ENTRY--PERSONAL NAME | |
| Personal name | Makarov, Dmitrii E. |
| 9 (RLIN) | 2681 |
| 700 1# - ADDED ENTRY--PERSONAL NAME | |
| Personal name | Wight, Charles A. |
| 9 (RLIN) | 2682 |
| 942 ## - ADDED ENTRY ELEMENTS (KOHA) | |
| Koha item type | Book - Borrowing |
| Call number prefix | 541.3686 BEN |
| Source of classification or shelving scheme | Dewey Decimal Classification |
| Classification part | RDA-MOD |
| Withdrawn status | Lost status | Source of classification or shelving scheme | Materials specified (bound volume or other part) | Damaged status | Not for loan | Home library | Current library | Shelving location | Date acquired | Source of acquisition | Total Checkouts | Full call number | Barcode | Date last seen | Koha item type | Collection code | Cost, normal purchase price | Serial Enumeration / chronology |
|---|---|---|---|---|---|---|---|---|---|---|---|---|---|---|---|---|---|---|
| Lost | Dewey Decimal Classification | Lost In Inventory 15-7-2025 | Central Library | Central Library | First floor | 28/11/2007 | Purchase | 541.3686 BEN | 000008314 | 11/06/2024 | Book - Borrowing | |||||||
| Dewey Decimal Classification | Central Library | Central Library | First floor | 22/03/2009 | Purchase | 541.3686 BEN | 000015448 | 15/07/2025 | Book - Borrowing | Alahram | 384.50 | 72 |